| 000 | 00000cam 2200000zi 4500 |
| 001 | 9.944836 |
| 003 | CaOODSP |
| 005 | 20260409102605 |
| 006 | m o d f |
| 007 | cr mn||||||||| |
| 008 | 241105t20252025onca o f000 0 fre d |
| 020 | |a9780660743363 |
| 040 | |aCaOODSP|bfre|erda|cCaOODSP |
| 041 | 0 |afre|aeng |
| 043 | |an-cn--- |
| 045 | |ay2y2 |
| 086 | 1 |aCi4-183/2-2025F-PDF |
| 245 | 00|aÉtude de suivi annuelle d'IRCC, recherche qualitative 2024-2025 : |brapport final / |cpréparé à l'intention de Immigration, réfugiés et citoyenneté Canada. |
| 246 | 17|aImmigration, réfugiés et citoyenneté Canada : |bétude de suivi annuelle d'IRCC 2024-2025 |
| 264 | 1|aOttawa (Ontario) : |bImmigration, réfugiés et citoyenneté Canada = Immigration, Refugees and Citizenship Canada, |c2025. |
| 264 | 4|c©2025 |
| 300 | |a1 ressource en ligne (58 pages) : |billustrations en couleur |
| 336 | |atexte|btxt|2rdacontent/fre |
| 337 | |ainformatique|bc|2rdamedia/fre |
| 338 | |aressource en ligne|bcr|2rdacarrier/fre |
| 500 | |aPublié aussi en anglais sous le titre : 2024-25 IRCC annual tracking qualitative research: final report. |
| 500 | |aTitre de la couverture. |
| 500 | |a« Nom de la firme de recherche : Ipsos. » |
| 500 | |a« Numéro du contrat : CW2367990. » |
| 500 | |a« Date de livraison : 31 mars 2025. » |
| 500 | |a« Numéro d'enregistrement : ROP 016-24. » |
| 500 | |aLe fichier de publication en format PDF a été remplacé le 7 avril 2026 à la requête d'Immigration, réfugiés et citoyenneté Canada. |
| 520 | |a« Immigration, Réfugiés et Citoyenneté Canada (IRCC) a mis en place un programme d'étude continue, « Étude de suivi annuelle », en vue de mieux comprendre les attitudes des Canadiens à l'égard des enjeux relatifs à la citoyenneté et à l'immigration. Ce rapport présente les résultats qualitatifs de l'Étude de suivi annuelle 2024-2025. Les objectifs de l'étude étaient les suivants : dresser un portrait à jour des attitudes des Canadiens à l'égard de l'immigration; évaluer la connaissance des cibles d'admission de résidents permanents et de résidents temporaires pour 2025 et les réactions que ces cibles suscitent; examiner les réactions aux messages, aux infographies et aux vidéos visant à renforcer la confiance du public dans le système d'immigration. … » -- Compte rendu sommaire, page 5. |
| 546 | |aTexte principalement en français; comprend du texte en anglais. |
| 650 | 6|aImmigrants|zCanada|xOpinion publique. |
| 650 | 6|aRéfugiés|zCanada|xOpinion publique. |
| 650 | 6|aOpinion publique|zCanada. |
| 651 | 6|aCanada|xÉmigration et immigration|xOpinion publique. |
| 651 | 6|aCanada|xÉmigration et immigration|xAspect économique|xOpinion publique. |
| 651 | 6|aCanada|xÉmigration et immigration|xPolitique gouvernementale|xOpinion publique. |
| 710 | 1 |aCanada. |bImmigration, réfugiés et citoyenneté Canada, |eorganisme de publication. |
| 710 | 2 |aIpsos (Firme). |bAffaires publiques, |econsultant. |
| 775 | 08|t2024-25 IRCC annual tracking qualitative research : |w(CaOODSP)9.944834 |
| 795 | |t2022-23 étude de suivi annuelle d’IRCC recherche qualitative : |w(CaOODSP)9.925633 |
| 856 | 40|qPDF|s1.64 Mo|uhttps://publications.gc.ca/collections/collection_2025/ircc/Ci4-183-2-2025-fra.pdf|z(rapport final) |
| 856 | 4 |qHTML|sS.O.|uhttps://epe.bac-lac.gc.ca/100/200/301/pwgsc-tpsgc/por-ef/immigration_refugees/2025/016-24-f/016-24-rapport.html|z(rapport final) |
| 856 | 4 |qHTML|sS.O.|uhttps://epe.bac-lac.gc.ca/100/200/301/pwgsc-tpsgc/por-ef/immigration_refugees/2025/016-24-f/index.html|z(index) |